000 00499nam a22001697a 4500
005 20251108175208.0
008 250721s9999 xx 000 0 ara d
082 1 4 _a928.11/مدن
100 1 _aالمدني، عمر
245 1 0 _aرعاة مجد القافية الرواد الاوائل /
264 1 _aعمان :
_bدار المتحدة للنشر،
_c[200-].
300 _aج.2.
650 1 7 _aالتراجم
650 1 7 _aالأدباء العرب
942 _2ddc
_cBK
999 _c128429
_d128429